header

Diaspora youth and ancestral homeland (Record no. 152807)

MARC details
000 -LEADER
fixed length control field 01783nam a2200445 a 4500
082 04 - DEWEY DECIMAL CLASSIFICATION NUMBER
Classification number 305.891/4122041
100 1# - MAIN ENTRY--AUTHOR NAME
Personal name Cressey, Gill.
245 10 - TITLE STATEMENT
Title Diaspora youth and ancestral homeland
260 ## - PUBLICATION, DISTRIBUTION, ETC. (IMPRINT)
Place of publication Leiden ;
-- Boston :
Name of publisher Brill,
Year of publication 2006.
300 ## - PHYSICAL DESCRIPTION
Number of Pages viii, 221 p.
490 1# - SERIES STATEMENT
Series statement Muslim minorities,
650 #0 - SUBJECT ADDED ENTRY--TOPICAL TERM
Topical Term Children of immigrants
Topical Term Kashmiri (South Asian people)
Topical Term Muslim youth
Topical Term Pakistanis
Topical Term Social role
Topical Term South Asian diaspora.
Topical Term Transnationalism.
856 40 - ELECTRONIC LOCATION AND ACCESS
Uniform Resource Identifier http://site.ebrary.com/lib/rucke/Doc?id=10234927

No items available.

© 2026 Rongo University
Contact us: librarian | system librarian | Rongo university